000 00985nam a22002177a 4500
999 _c62716
_d62716
003 Ge_BSU
005 20250129111710.0
008 250129s2015 ge ||||| |||| 00| 0 geo d
020 _a9789941251627
041 _ageo
080 _a94(=351.42/43)(479.22) + 392(=351.42/43) ხ-22
100 _aხანგოშვილი, ხასო
_923015
245 _aქისტების ადათ-წესები /
_cხასო ხანგოშვილი ; რედაქტორი ზაურ გუმაშვილი.
264 _aთბილისი :
_bმერიდიანი,
_c 2015.
300 _a340 გვ. :
_b ფოტ. ;
_c21 სმ.
653 _aქისტები საქართველოში
653 _aქისტური ადათ-წესები
700 _aგუმაშვილი, ზაურ
_eრედაქტორი
_924172
773 _tნაჩუქარი
942 _2udc
_cᲬᲘᲒᲜᲘ